Whats the opposite? #1 - Statistics

General Stats
  • This quiz has been taken 34 times
  • The average score is 7 of 15
Answer Stats
Hint Answer % Correct
Bareness Clothed
83%
Ambiguity Certainty
76%
Constitutional Illegal
66%
Natural Abnornal
59%
Euphoria Sorrow
55%
Prone Improbably
48%
Fragile Able
45%
Relief Hindrance
45%
Frankness Artifice
38%
Overwhelm Encourage
38%
Rusticism Blandness
34%
Ravishing Homely
34%
Candid Biased
31%
Imprundece Care
24%
Bedevil Aid
17%
No matching quizzes found
Score Distribution
Percent of People with Each Score
Percentile by Number Answered
Your Score History
You have not taken this quiz